| 000 | 00641nam a2200253Ia 4500 | ||
|---|---|---|---|
| 005 | 20250425162608.0 | ||
| 008 | 250425s9999 xx 000 0 und d | ||
| 020 | _a047197790X | ||
| 041 | _aeng | ||
| 082 | _a371.4042 | ||
| 100 | _aSCHWARZ, RALPH J. | ||
| 245 | 0 | _aSCENARIO PLANNING: MANAGING FOR THE FUTURE | |
| 250 | _aS.E. | ||
| 260 |
_aEstados Unidos _bSCHAWARTZ, PETER _c1998 |
||
| 260 |
_aNEW YORK _bWILEY |
||
| 300 | _a401 | ||
| 500 | _aDonado por la Dra. Virginia Lasio | ||
| 650 | _aEJEMPLOS | ||
| 650 | _aMETODOS | ||
| 650 | _aPLANIFICACION | ||
| 710 | _aJOHN WILEY & SOSN, INC | ||
| 942 | _c01 | ||
| 010 | _a88228 | ||
| 999 |
_c232476 _d232476 |
||